Văn hóa Đông Nam Á

Spremljeno u:
Bibliografski detalji
Glavni autor: Mai Ngọc Chừ
Format: Knjiga
Jezik:Vietnamese
Izdano: H. Đại học quốc gia Hà Nội 1999
Izdanje:In lần thú hai
Teme:
Oznake: Dodaj oznaku
Bez oznaka, Budi prvi tko označuje ovaj zapis!
Thư viện lưu trữ: Mạng thư viện Đại học Đà Nẵng
LEADER 01057nam a2200337 4500
001 000006987
003 3147
005 20120518100509.0
008 110926s1999 viesd
020 |c 18500đ 
041 0 |a vie 
082 |a 306.0959  |b MA-C 
100 0 |a Mai Ngọc Chừ 
245 0 |a Văn hóa Đông Nam Á  |c Mai Ngọc Chừ 
250 |a In lần thú hai 
260 |a H.  |b Đại học quốc gia Hà Nội  |c 1999 
300 |a 245 tr.  |c 20 cm. 
653 |a Văn hóa 
653 |a Đông Nam Á 
653 |a Lịch sử 
910 |a Huỳnh Thị Cẩm Lai  |d 26/09/2011 
OWN |a LSP 
AVA |a UDN50  |b LSP  |d 306.0959 MA-C  |e check_holdings  |t Error 5003 Not defined in file expand_doc_bib_avail.  |h N  |k 1 
999 |a From the UDN01 
AVA |a UDN50  |b LSP  |d 306.0959 MA-C  |e available  |t Error 5001 Not defined in file expand_doc_bib_avail.  |f 36  |g 5  |h N  |i 87  |k 1 
TYP |a Monograph 
TYP |a Printed language 
980 |a Mạng thư viện Đại học Đà Nẵng